[Event "GER-ch Youth U12 2020"]
[Site "Willingen"]
[Date "2020.10.30"]
[Round "5.4"]
[White "Korek, Jakob Alexander"]
[Black "Haubold, Sebastian Marcel"]
[Result "1/2-1/2"]
[WhiteElo "1592"]
[BlackElo "1769"]
[Annotator "NA RC"]
[PlyCount "94"]
[EventDate "2020.10.27"]
[EventType "swiss"]
[EventRounds "7"]
[EventCountry "GER"]
[SourceTitle "playchess.com"]
[Source "ChessBase"]
[SourceQuality "1"]
[TimeControl "40/5400+30:1800+30"]

1. d4 Nf6 {[%emt 0:00:00]} 2. Nf3 {[%emt 0:00:00]} g6 {[%emt 0:00:00]} 3. g3 {[%emt 0:00:00]} Bg7 {[%emt 0:00:45]} 4. Bg2 {[%emt 0:00:04]} O-O {[%emt 0:00:48]} 5. O-O {[%emt 0:00:18]} d6 {[%emt 0:01:16]} 6. c4 {[%emt 0:00:33]} Nbd7 {[%emt 0:11:31]} 7. Nc3 {[%emt 0:04:17]} c5 {[%emt 0:00:30]} 8. dxc5 {[%emt 0:03:29]} Nxc5 {[%emt 0:03:42]} 9. Nd4 Qb6 {[%emt 0:07:02]} 10. Nc2 {[%emt 0:06:06]} Bd7 11. e4 Rac8 {[%emt 0:04:02]} 12. Qe2 {[%emt 0:14:45]} Na4 {[%emt 0:06:18]} 13. Nxa4 {[%emt 0:02:44]} Bxa4 {[%emt 0:02:01]} 14. b3 {[%emt 0:06:04]} Bc6 {[%emt 0:06:25]} 15. Be3 {[%emt 0:03:21]} Qc7 {[%emt 0:00:14]} 16. Bd4 {[%emt 0:04:51]} e5 {[%emt 0:02:27]} 17. Bb2 {[%emt 0:01:56]} b5 {[%emt 0:01:31]} 18. Nb4 {[%emt 0:08:58]} bxc4 {[%emt 0:00:52]} 19. Qxc4 {[%emt 0:03:27]} Bxe4 {[%emt 0:00:42]} 20. Qxc7 {[%emt 0:03:40]} Rxc7 {[%emt 0:00:29]} 21. Rfd1 {[%emt 0:02:05]} Bxg2 {[%emt 0:02:25]} 22. Kxg2 {[%emt 0:00:19]} Rb7 {[%emt 0:07:03]} 23. Nc6 {[%emt 0:01:21]} Rd7 {[%emt 0:10:11]} 24. Ba3 {[%emt 0:01:23]} Ne8 {[%emt 0:03:37]} 25. Rd5 {[%emt 0:03:42]} f6 {[%emt 0:11:40]} 26. Rad1 {[%emt 0:02:15]} Rff7 {[%emt 0:01:00]} 27. Bxd6 {[%emt 0:01:52]} Nxd6 {[%emt 0:03:04]} 28. Rxd6 {[%emt 0:00:33]} Rxd6 {[%emt 0:00:10]} 29. Rxd6 {[%emt 0:00:09]} Bf8 {[%emt 0:00:12]} 30. Rd8 {[%emt 0:01:24]} Rc7 {[%emt 0:00:11]} 31. Nb4 {[%emt 0:02:27]} Kf7 {[%emt 0:00:49]} 32. Nd3 {[%emt 0:02:48]} Ba3 {[%emt 0:04:13]} 33. Rd5 {[%emt 0:06:02]} Ke6 {[%emt 0:00:25]} 34. Ra5 {[%emt 0:00:48]} Bd6 {[%emt 0:00:19]} 35. Ra4 {[%emt 0:01:42]} Kd5 {[%emt 0:01:41]} 36. Nb4+ Bxb4 {[%emt 0:00:18]} 37. Rxb4 {[%emt 0:02:43]} e4 {[%emt 0:00:55]} 38. Ra4 {[%emt 0:02:32]} f5 {[%emt 0:01:50]} 39. Kf1 {[%emt 0:01:44]} Rc1+ {[%emt 0:03:59]} 40. Ke2 {[%emt 0:01:26]} Rc2+ {[%emt 0:00:43]} 41. Ke1 {[%emt 0:30:59]} e3 {[%emt 0:33:31]} 42. fxe3 {[%emt 0:02:36]} Rxh2 {[%emt 0:01:01]} 43. Kf1 {[%emt 0:04:40]} a6 {[%emt 0:00:00]} 44. Rd4+ {[%emt 0:00:00]} Ke5 {[%emt 0:00:00]} 45. Ra4 {[%emt 0:00:00]} Rc2 {[%emt 0:00:00]} 46. Kg1 {[%emt 0:00:00]} Re2 {[%emt 0:00:00]} 47. Kf1 {[%emt 0:00:00]} Rc2 {[%emt 0:00:00]} 1/2-1/2

[Event "GER-ch Youth U12 2020"]
[Site "Willingen"]
[Date "2020.10.30"]
[Round "5.5"]
[White "Kieselbach, Jannik"]
[Black "Hoppstädter, Daniel"]
[Result "0-1"]
[WhiteElo "1453"]
[BlackElo "1712"]
[Annotator "NA RC"]
[PlyCount "58"]
[EventDate "2020.10.27"]
[EventType "swiss"]
[EventRounds "7"]
[EventCountry "GER"]
[SourceTitle "playchess.com"]
[Source "ChessBase"]
[SourceQuality "1"]
[TimeControl "40/5400+30:1800+30"]

1. d4 {[%emt 0:00:00]} Nf6 {[%emt 0:00:00]} 2. Nc3 {[%emt 0:00:00]} g6 {[%emt 0:00:09]} 3. e4 {[%emt 0:00:00]} d6 {[%emt 0:00:21]} 4. f4 {[%emt 0:00:16]} Bg7 {[%emt 0:02:27]} 5. Nf3 {[%emt 0:00:34]} O-O {[%emt 0:00:14]} 6. Bd3 {[%emt 0:01:15]} Bg4 {[%emt 0:02:11]} 7. h3 {[%emt 0:04:53]} Bxf3 {[%emt 0:00:27]} 8. Qxf3 {[%emt 0:01:48]} e5 {[%emt 0:02:31]} 9. d5 {[%emt 0:03:25]} exf4 {[%emt 0:02:44]} 10. Bxf4 {[%emt 0:02:06]} Nh5 {[%emt 0:01:24]} 11. Bd2 {[%emt 0:01:01]} Qh4+ {[%emt 0:03:09]} 12. Qf2 {[%emt 0:02:25]} Qg3 {[%emt 0:01:17]} 13. Be2 {[%emt 0:03:47]} Bd4 {[%emt 0:01:01]} 14. Qxg3 {[%emt 0:02:16]} Nxg3 {[%emt 0:00:04]} 15. Rh2 {[%emt 0:03:58]} Bg1 {[%emt 0:00:42]} 16. Rh1 {[%emt 0:03:24]} Nxh1 {[%emt 0:00:39]} 17. O-O-O {[%emt 0:00:12]} Ng3 {[%emt 0:00:56]} 18. Rxg1 {[%emt 0:00:07]} Nxe2+ {[%emt 0:00:04]} 19. Nxe2 {[%emt 0:00:11]} Nd7 {[%emt 0:00:24]} 20. g4 {[%emt 0:01:51]} Nc5 {[%emt 0:00:58]} 21. Ng3 {[%emt 0:01:34]} Rfe8 {[%emt 0:01:26]} 22. Re1 {[%emt 0:02:04]} f6 {[%emt 0:01:25]} 23. b4 {[%emt 0:01:40]} Nd7 {[%emt 0:00:44]} 24. Rf1 {[%emt 0:03:28]} Kg7 {[%emt 0:10:16]} 25. h4 {[%emt 0:04:02]} Ne5 {[%emt 0:01:57]} 26. g5 {[%emt 0:22:37]} fxg5 {[%emt 0:01:20]} 27. hxg5 {[%emt 0:03:47]} Rf8 {[%emt 0:02:02]} 28. Rd1 {[%emt 0:02:30]} Rf2 {[%emt 0:01:39]} 29. Rg1 {[%emt 0:15:59]} Rxd2 {[%emt 0:00:38]} 0-1

[Event "GER-ch Youth U12 2020"]
[Site "Willingen"]
[Date "2020.10.30"]
[Round "5.6"]
[White "Klaska, Philipp Leon"]
[Black "Honisch, Alexander"]
[Result "1/2-1/2"]
[WhiteElo "1716"]
[BlackElo "1667"]
[Annotator "NA RC"]
[PlyCount "91"]
[EventDate "2020.10.27"]
[EventType "swiss"]
[EventRounds "7"]
[EventCountry "GER"]
[SourceTitle "playchess.com"]
[Source "ChessBase"]
[SourceQuality "1"]
[TimeControl "40/5400+30:1800+30"]

1. e4 e5 {[%emt 0:00:00]} 2. Nf3 {[%emt 0:00:07]} Nc6 {[%emt 0:00:40]} 3. Bb5 {[%emt 0:00:04]} a6 {[%emt 0:00:36]} 4. Ba4 {[%emt 0:00:29]} Nf6 5. O-O {[%emt 0:00:16]} b5 {[%emt 0:01:16]} 6. Bb3 {[%emt 0:02:36]} Bc5 {[%emt 0:03:17]} 7. Re1 {[%emt 0:02:48]} d6 {[%emt 0:07:17]} 8. c3 {[%emt 0:00:30]} Bg4 {[%emt 0:02:37]} 9. d3 {[%emt 0:06:01]} h6 10. Be3 O-O {[%emt 0:10:58]} 11. Nbd2 {[%emt 0:05:40]} Qd7 {[%emt 0:05:06]} 12. Nf1 {[%emt 0:02:53]} Rfe8 {[%emt 0:03:27]} 13. h3 Be6 {[%emt 0:04:18]} 14. Bxe6 {[%emt 0:17:26]} fxe6 {[%emt 0:02:26]} 15. Bxc5 {[%emt 0:03:07]} dxc5 {[%emt 0:00:02]} 16. Qe2 {[%emt 0:06:02]} Red8 {[%emt 0:11:21]} 17. Rad1 {[%emt 0:03:42]} Qe7 {[%emt 0:02:56]} 18. Ne3 {[%emt 0:05:40]} a5 {[%emt 0:04:54]} 19. Nc2 {[%emt 0:07:50]} Rab8 {[%emt 0:12:32]} 20. d4 {[%emt 0:08:01]} exd4 {[%emt 0:00:54]} 21. cxd4 {[%emt 0:01:10]} e5 {[%emt 0:00:32]} 22. d5 {[%emt 0:03:37]} Nd4 {[%emt 0:00:16]} 23. Ncxd4 {[%emt 0:02:18]} exd4 {[%emt 0:01:01]} 24. Rc1 {[%emt 0:04:09]} Re8 {[%emt 0:03:43]} 25. e5 {[%emt 0:03:26]} Nxd5 {[%emt 0:01:52]} 26. Qe4 {[%emt 0:03:16]} Rbd8 {[%emt 0:02:11]} 27. Nh4 {[%emt 0:02:29]} d3 {[%emt 0:03:30]} 28. Ng6 {[%emt 0:01:39]} Qf7 {[%emt 0:02:57]} 29. Rxc5 {[%emt 0:00:35]} Re6 {[%emt 0:01:21]} 30. Rxd5 {[%emt 0:01:22]} Rxd5 {[%emt 0:00:20]} 31. Qxd5 {[%emt 0:00:30]} Qxg6 {[%emt 0:00:34]} 32. Qxb5 {[%emt 0:00:50]} d2 {[%emt 0:04:56]} 33. Rd1 {[%emt 0:00:29]} Qc2 {[%emt 0:02:25]} 34. Qb3 {[%emt 0:00:34]} Qxb3 {[%emt 0:01:40]} 35. axb3 {[%emt 0:00:05]} Rxe5 {[%emt 0:00:09]} 36. Rxd2 {[%emt 0:00:11]} Rb5 {[%emt 0:02:28]} 37. Rd3 {[%emt 0:00:38]} c5 {[%emt 0:02:03]} 38. Kf1 {[%emt 0:00:48]} c4 {[%emt 0:01:15]} 39. bxc4 {[%emt 0:03:34]} Rxb2 {[%emt 0:00:14]} 40. Rc3 {[%emt 0:01:17]} a4 {[%emt 0:00:13]} 41. Ke1 {[%emt 0:32:11]} Kf7 {[%emt 0:31:12]} 42. c5 {[%emt 0:00:00]} Ke7 {[%emt 0:00:00]} 43. c6 {[%emt 0:00:00]} Kd8 {[%emt 0:00:00]} 44. c7+ {[%emt 0:00:00]} Kc8 {[%emt 0:00:00]} 45. Ra3 {[%emt 0:00:00]} Rb4 {[%emt 0:00:00]} 46. Rc3 {[%emt 0:00:00]} 1/2-1/2

[Event "GER-ch Youth U12 2020"]
[Site "Willingen"]
[Date "2020.10.30"]
[Round "5.7"]
[White "Navarro Jahnke, Leo"]
[Black "Fruth, David"]
[Result "0-1"]
[WhiteElo "1686"]
[BlackElo "1665"]
[Annotator "NA RC"]
[PlyCount "50"]
[EventDate "2020.10.27"]
[EventType "swiss"]
[EventRounds "7"]
[EventCountry "GER"]
[SourceTitle "playchess.com"]
[Source "ChessBase"]
[SourceQuality "1"]
[TimeControl "40/5400+30:1800+30"]

1. d4 {[%emt 0:00:00]} Nf6 {[%emt 0:00:00]} 2. Bf4 {[%emt 0:00:08]} c5 {[%emt 0:00:00]} 3. e3 {[%emt 0:00:07]} cxd4 {[%emt 0:00:00]} 4. exd4 {[%emt 0:00:11]} d5 {[%emt 0:00:00]} 5. c3 {[%emt 0:01:28]} Nc6 {[%emt 0:00:00]} 6. Bd3 {[%emt 0:00:22]} a6 {[%emt 0:00:00]} 7. Nf3 {[%emt 0:00:47]} Bg4 {[%emt 0:00:00]} 8. Nbd2 {[%emt 0:00:47]} e6 {[%emt 0:00:08]} 9. h3 {[%emt 0:01:17]} Bh5 {[%emt 0:00:42]} 10. O-O {[%emt 0:00:47]} Bd6 {[%emt 0:00:02]} 11. Bxd6 {[%emt 0:00:37]} Qxd6 {[%emt 0:00:02]} 12. Re1 {[%emt 0:02:17]} O-O {[%emt 0:00:10]} 13. g4 {[%emt 0:05:51]} Bg6 {[%emt 0:00:07]} 14. Bxg6 {[%emt 0:00:41]} hxg6 {[%emt 0:00:24]} 15. Ne5 {[%emt 0:02:51]} Nd7 {[%emt 0:00:20]} 16. f4 {[%emt 0:02:27]} Ndxe5 {[%emt 0:00:58]} 17. fxe5 {[%emt 0:00:42]} Qc7 {[%emt 0:00:35]} 18. Rf1 {[%emt 0:02:05]} f6 {[%emt 0:00:12]} 19. exf6 {[%emt 0:01:12]} Qg3+ {[%emt 0:00:21]} 20. Kh1 {[%emt 0:00:12]} Qxh3+ {[%emt 0:00:02]} 21. Kg1 {[%emt 0:00:10]} Qg3+ {[%emt 0:00:05]} 22. Kh1 {[%emt 0:00:08]} Kf7 {[%emt 0:00:03]} 23. fxg7+ {[%emt 0:09:51]} Kxg7 {[%emt 0:00:02]} 24. Rxf8 {[%emt 0:00:22]} Rxf8 {[%emt 0:00:02]} 25. Qg1 {[%emt 0:00:19]} Rh8+ {[%emt 0:00:02]} 0-1

[Event "GER-ch Youth U12 2020"]
[Site "Willingen"]
[Date "2020.10.30"]
[Round "5.8"]
[White "Müller, Maximilian"]
[Black "Krüger, Arthur"]
[Result "1-0"]
[WhiteElo "1691"]
[BlackElo "1704"]
[Annotator "NA RC"]
[PlyCount "97"]
[EventDate "2020.10.27"]
[EventType "swiss"]
[EventRounds "7"]
[EventCountry "GER"]
[SourceTitle "playchess.com"]
[Source "ChessBase"]
[SourceQuality "1"]
[TimeControl "40/5400+30:1800+30"]

1. e4 {[%emt 0:00:00]} e5 {[%emt 0:00:00]} 2. Nf3 {[%emt 0:00:00]} Nf6 {[%emt 0:00:00]} 3. Nxe5 {[%emt 0:00:00]} d6 {[%emt 0:00:00]} 4. Nf3 {[%emt 0:00:00]} Nxe4 {[%emt 0:02:37]} 5. Nc3 {[%emt 0:00:00]} Nxc3 {[%emt 0:00:06]} 6. dxc3 {[%emt 0:00:12]} Be7 {[%emt 0:00:10]} 7. Bd3 {[%emt 0:00:56]} Nd7 {[%emt 0:00:17]} 8. Bf4 {[%emt 0:02:39]} Nf6 {[%emt 0:00:33]} 9. Qd2 {[%emt 0:03:11]} O-O {[%emt 0:01:13]} 10. O-O-O {[%emt 0:02:04]} Be6 {[%emt 0:00:34]} 11. Kb1 {[%emt 0:02:25]} c5 {[%emt 0:02:03]} 12. Ng5 {[%emt 0:12:34]} Bd7 {[%emt 0:17:10]} 13. h4 {[%emt 0:07:59]} d5 {[%emt 0:07:30]} 14. f3 {[%emt 0:28:08]} c4 {[%emt 0:06:56]} 15. Be2 {[%emt 0:00:02]} b5 {[%emt 0:01:28]} 16. g4 {[%emt 0:00:14]} b4 {[%emt 0:03:07]} 17. cxb4 {[%emt 0:13:28]} c3 {[%emt 0:05:17]} 18. Qxc3 {[%emt 0:04:50]} a5 {[%emt 0:06:21]} 19. bxa5 {[%emt 0:00:18]} Rc8 {[%emt 0:02:13]} 20. Qd2 {[%emt 0:00:17]} Ba4 {[%emt 0:02:10]} 21. Bd3 {[%emt 0:00:46]} d4 {[%emt 0:04:36]} 22. Be5 {[%emt 0:01:47]} Nd5 {[%emt 0:05:27]} 23. Bxd4 {[%emt 0:01:36]} Nb4 {[%emt 0:08:32]} 24. b3 {[%emt 0:02:40]} Bb5 {[%emt 0:09:58]} 25. c4 {[%emt 0:02:04]} Qxa5 {[%emt 0:08:29]} 26. Bc3 {[%emt 0:05:08]} Bc6 {[%emt 0:02:17]} 27. Bxb4 {[%emt 0:00:33]} Bxb4 {[%emt 0:00:24]} 28. Qc2 {[%emt 0:00:07]} h6 {[%emt 0:00:21]} 29. Ne4 {[%emt 0:00:12]} Ra8 {[%emt 0:01:13]} 30. g5 {[%emt 0:00:25]} h5 {[%emt 0:00:11]} 31. Rhf1 {[%emt 0:00:48]} Rfb8 {[%emt 0:00:53]} 32. Ng3 {[%emt 0:01:23]} Ba4 {[%emt 0:01:22]} 33. Bh7+ {[%emt 0:03:39]} Kh8 {[%emt 0:00:19]} 34. Rd3 {[%emt 0:00:15]} Ba3 {[%emt 0:02:16]} 35. Be4 {[%emt 0:00:38]} Ra7 {[%emt 0:00:33]} 36. Rfd1 {[%emt 0:00:55]} g6 {[%emt 0:00:45]} 37. Qc3+ {[%emt 0:00:22]} Qxc3 {[%emt 0:00:36]} 38. Rxc3 {[%emt 0:00:10]} Bc5 {[%emt 0:00:24]} 39. Rcd3 {[%emt 0:00:15]} Kg7 {[%emt 0:00:26]} 40. f4 {[%emt 0:00:52]} Re7 {[%emt 0:00:35]} 41. f5 {[%emt 0:30:36]} Ree8 {[%emt 0:01:40]} 42. Kc2 {[%emt 0:00:00]} Bf2 {[%emt 0:02:07]} 43. Bh1 {[%emt 0:00:00]} Bxg3 {[%emt 0:01:40]} 44. f6+ {[%emt 0:00:00]} Kf8 {[%emt 0:00:42]} 45. Rxg3 {[%emt 0:00:00]} Re2+ {[%emt 0:00:45]} 46. Rd2 {[%emt 0:00:00]} Re1 {[%emt 0:00:25]} 47. Bg2 {[%emt 0:00:00]} Be8 {[%emt 0:00:57]} 48. Rgd3 {[%emt 0:00:00]} Rb6 {[%emt 0:01:01]} 49. c5 {[%emt 0:00:00]} 1-0

[Event "GER-ch Youth U12 2020"]
[Site "Willingen"]
[Date "2020.10.30"]
[Round "5.9"]
[White "Sauer, Tim"]
[Black "Toth, Luca"]
[Result "1-0"]
[WhiteElo "1729"]
[BlackElo "1680"]
[Annotator "NA RC"]
[PlyCount "117"]
[EventDate "2020.10.27"]
[EventType "swiss"]
[EventRounds "7"]
[EventCountry "GER"]
[SourceTitle "playchess.com"]
[Source "ChessBase"]
[SourceQuality "1"]
[TimeControl "40/5400+30:1800+30"]

1. c4 {[%emt 0:00:00]} e5 {[%emt 0:00:00]} 2. Nc3 {[%emt 0:00:00]} Nc6 {[%emt 0:00:00]} 3. g3 {[%emt 0:00:00]} Nf6 {[%emt 0:00:02]} 4. Bg2 {[%emt 0:00:00]} g6 {[%emt 0:00:37]} 5. e4 {[%emt 0:00:03]} Bg7 {[%emt 0:00:42]} 6. Nge2 {[%emt 0:00:08]} O-O {[%emt 0:01:16]} 7. O-O {[%emt 0:00:10]} d6 {[%emt 0:01:34]} 8. d3 {[%emt 0:00:16]} Be6 {[%emt 0:00:43]} 9. h3 {[%emt 0:02:16]} Qd7 {[%emt 0:01:42]} 10. Kh2 {[%emt 0:00:16]} Rfd8 {[%emt 0:02:29]} 11. f4 {[%emt 0:00:33]} exf4 {[%emt 0:01:42]} 12. Nxf4 {[%emt 0:07:59]} Qe7 {[%emt 0:03:12]} 13. g4 {[%emt 0:06:35]} Nd4 {[%emt 0:08:44]} 14. Be3 {[%emt 0:04:04]} Nd7 {[%emt 0:06:57]} 15. Ncd5 {[%emt 0:02:29]} Bxd5 {[%emt 0:05:53]} 16. Nxd5 {[%emt 0:02:00]} Be5+ {[%emt 0:00:18]} 17. Kg1 {[%emt 0:04:20]} Qh4 {[%emt 0:14:12]} 18. Bf2 {[%emt 0:00:36]} Qh6 {[%emt 0:03:56]} 19. Nxc7 {[%emt 0:04:07]} Qf4 {[%emt 0:11:23]} 20. Re1 {[%emt 0:00:31]} Qh2+ {[%emt 0:08:04]} 21. Kf1 {[%emt 0:00:11]} Rab8 {[%emt 0:05:01]} 22. Nd5 {[%emt 0:02:46]} Bg7 {[%emt 0:01:00]} 23. Re3 {[%emt 0:01:34]} Qe5 {[%emt 0:02:06]} 24. Bg3 {[%emt 0:03:13]} Qe6 {[%emt 0:00:31]} 25. g5 {[%emt 0:08:48]} h6 {[%emt 0:10:20]} 26. Bf4 {[%emt 0:05:21]} Kh7 {[%emt 0:02:36]} 27. h4 {[%emt 0:01:47]} h5 {[%emt 0:00:43]} 28. Bh3 {[%emt 0:00:23]} Qe8 {[%emt 0:03:28]} 29. Bxd6 {[%emt 0:00:48]} Rbc8 {[%emt 0:00:14]} 30. Bg3 {[%emt 0:03:10]} Rc6 {[%emt 0:02:28]} 31. Rc1 {[%emt 0:05:09]} f6 {[%emt 0:01:53]} 32. Bf4 {[%emt 0:07:29]} Qf7 {[%emt 0:00:48]} 33. Kg2 {[%emt 0:01:08]} Rf8 {[%emt 0:00:55]} 34. Qf1 {[%emt 0:02:09]} Nb6 {[%emt 0:00:40]} 35. Nb4 {[%emt 0:01:53]} fxg5 {[%emt 0:00:35]} 36. Bxg5 {[%emt 0:00:19]} Qxf1+ {[%emt 0:00:17]} 37. Rxf1 {[%emt 0:00:09]} Rxf1 {[%emt 0:00:32]} 38. Kxf1 {[%emt 0:00:09]} Rc5 {[%emt 0:00:11]} 39. Nd5 {[%emt 0:06:19]} Rc6 {[%emt 0:00:40]} 40. Kg2 {[%emt 0:02:34]} Ne6 {[%emt 0:00:49]} 41. Bxe6 {[%emt 0:31:27]} Rxe6 {[%emt 0:30:07]} 42. Nxb6 {[%emt 0:00:15]} Rxb6 {[%emt 0:00:38]} 43. b3 {[%emt 0:00:06]} Ra6 {[%emt 0:00:46]} 44. Re2 {[%emt 0:00:15]} Be5 {[%emt 0:00:00]} 45. Kf3 {[%emt 0:00:00]} Rd6 {[%emt 0:00:00]} 46. Rd2 {[%emt 0:00:00]} Bc3 {[%emt 0:00:00]} 47. Rd1 {[%emt 0:00:00]} Ra6 {[%emt 0:00:00]} 48. a4 {[%emt 0:00:00]} Rb6 {[%emt 0:00:00]} 49. Rb1 {[%emt 0:00:00]} Rd6 {[%emt 0:00:00]} 50. Ke2 {[%emt 0:00:00]} a5 {[%emt 0:00:00]} 51. Be3 {[%emt 0:00:00]} Kg7 {[%emt 0:00:00]} 52. Rd1 {[%emt 0:00:00]} Bf6 {[%emt 0:00:00]} 53. Bf2 {[%emt 0:00:00]} Kf7 {[%emt 0:00:00]} 54. d4 {[%emt 0:00:00]} Bg7 {[%emt 0:00:00]} 55. e5 {[%emt 0:00:00]} Rd7 {[%emt 0:00:00]} 56. Rd3 {[%emt 0:00:00]} Ke6 {[%emt 0:00:00]} 57. Rg3 {[%emt 0:00:00]} Kf7 {[%emt 0:00:00]} 58. Ke3 {[%emt 0:00:00]} Bh6+ {[%emt 0:00:00]} 59. Ke4 {[%emt 0:00:00]} 1-0

[Event "GER-ch Youth U12 2020"]
[Site "Willingen"]
[Date "2020.10.30"]
[Round "5.10"]
[White "Kiefhaber, Tobias"]
[Black "Sundui, Chinguun"]
[Result "0-1"]
[WhiteElo "1542"]
[BlackElo "1788"]
[Annotator "NA RC"]
[PlyCount "102"]
[EventDate "2020.10.27"]
[EventType "swiss"]
[EventRounds "7"]
[EventCountry "GER"]
[SourceTitle "playchess.com"]
[Source "ChessBase"]
[SourceQuality "1"]
[TimeControl "40/5400+30:1800+30"]

1. d4 {[%emt 0:00:00]} Nf6 {[%emt 0:00:00]} 2. Nf3 {[%emt 0:00:00]} e6 {[%emt 0:00:00]} 3. Bf4 {[%emt 0:00:11]} c5 {[%emt 0:00:22]} 4. c3 {[%emt 0:00:46]} b6 {[%emt 0:00:30]} 5. e3 {[%emt 0:00:33]} Bb7 {[%emt 0:00:50]} 6. Nbd2 {[%emt 0:01:14]} Be7 {[%emt 0:01:00]} 7. Bd3 {[%emt 0:03:02]} d5 {[%emt 0:04:59]} 8. O-O {[%emt 0:02:20]} O-O {[%emt 0:00:43]} 9. Rc1 {[%emt 0:08:05]} Nbd7 {[%emt 0:02:57]} 10. h3 {[%emt 0:07:27]} a6 {[%emt 0:09:28]} 11. Ne5 {[%emt 0:10:59]} b5 {[%emt 0:06:57]} 12. Bh2 {[%emt 0:02:44]} Ne4 {[%emt 0:06:07]} 13. Nxd7 {[%emt 0:04:23]} Qxd7 {[%emt 0:00:41]} 14. f3 {[%emt 0:00:19]} Nxd2 {[%emt 0:06:14]} 15. Qxd2 {[%emt 0:00:27]} cxd4 {[%emt 0:11:45]} 16. cxd4 Rac8 {[%emt 0:01:36]} 17. f4 {[%emt 0:05:01]} f5 {[%emt 0:08:40]} 18. g4 {[%emt 0:03:19]} fxg4 {[%emt 0:07:34]} 19. hxg4 {[%emt 0:00:09]} g6 {[%emt 0:01:18]} 20. Rxc8 {[%emt 0:06:35]} Bxc8 {[%emt 0:05:13]} 21. Qg2 {[%emt 0:04:47]} Rf7 {[%emt 0:04:46]} 22. Qh3 {[%emt 0:05:15]} Rg7 {[%emt 0:01:57]} 23. Kh1 {[%emt 0:03:13]} e5 {[%emt 0:02:06]} 24. f5 {[%emt 0:04:15]} e4 {[%emt 0:02:02]} 25. Bxe4 {[%emt 0:08:52]} dxe4 {[%emt 0:00:39]} 26. f6 {[%emt 0:00:06]} Rf7 {[%emt 0:02:01]} 27. fxe7 {[%emt 0:00:35]} Rxf1+ {[%emt 0:00:29]} 28. Qxf1 {[%emt 0:00:07]} Qxe7 {[%emt 0:00:20]} 29. Qf4 {[%emt 0:02:08]} g5 {[%emt 0:01:03]} 30. Qb8 {[%emt 0:03:50]} Qe6 {[%emt 0:02:59]} 31. Qc7 {[%emt 0:03:42]} Qxg4 {[%emt 0:03:25]} 32. Qd8+ {[%emt 0:00:24]} Kf7 {[%emt 0:00:33]} 33. Bd6 {[%emt 0:05:32]} Qh3+ {[%emt 0:01:51]} 34. Kg1 {[%emt 0:00:42]} Qxe3+ {[%emt 0:00:31]} 35. Kh1 {[%emt 0:00:44]} Qc1+ {[%emt 0:00:26]} 36. Kh2 {[%emt 0:00:26]} Qxb2+ {[%emt 0:00:41]} 37. Kg1 {[%emt 0:00:08]} Qxd4+ {[%emt 0:00:30]} 38. Kh1 {[%emt 0:00:15]} Qd1+ {[%emt 0:01:19]} 39. Kh2 {[%emt 0:00:05]} Qe2+ {[%emt 0:01:38]} 40. Kh1 {[%emt 0:00:32]} Qf3+ {[%emt 0:01:03]} 41. Kg1 {[%emt 0:30:07]} Qg4+ {[%emt 0:31:53]} 42. Kh1 {[%emt 0:00:46]} Qd7 {[%emt 0:00:00]} 43. Qf8+ {[%emt 0:00:00]} Kg6 {[%emt 0:00:00]} 44. Qg8+ {[%emt 0:00:00]} Kh5 {[%emt 0:00:00]} 45. Qd5 {[%emt 0:00:00]} Qh3+ {[%emt 0:00:00]} 46. Kg1 {[%emt 0:00:00]} Qe3+ {[%emt 0:00:00]} 47. Kh1 {[%emt 0:00:00]} Qf3+ {[%emt 0:00:00]} 48. Kg1 {[%emt 0:00:00]} Bh3 {[%emt 0:00:00]} 49. Qd2 {[%emt 0:00:00]} e3 {[%emt 0:00:00]} 50. Qc2 {[%emt 0:00:00]} Qf1+ {[%emt 0:00:00]} 51. Kh2 {[%emt 0:00:00]} Qf2+ {[%emt 0:00:00]} 0-1